000 00457nam a22001577a 4500
005 20150930113826.0
008 150930b xxu||||| |||| 00| 0 eng d
020 _a969407245X
040 _cPK-LaUMT
082 _aKHC 302.23095491
_bBUR-U
100 _aBurhanuddin Hasan
245 _aUncensored
_ban eyewitness account of abuse of powre and media in Pakistan
_cBurhanuddin Hasan
260 _aKarachi
_bRoyal book
_c2000
300 _a362 p.
942 _cBK
999 _c76794
_d76794